Botany for degree students: Pterdophyta (Record no. 163595)

MARC details
000 -LEADER
fixed length control field 00364nam a2200145Ia 4500
008 - FIXED-LENGTH DATA ELEMENTS--GENERAL INFORMATION
fixed length control field 230917s9999||||xx |||||||||||||| ||und||
040 ## - CATALOGING SOURCE
-- 199868
Original cataloging agency VIVEKANANDA LIBRARY
041 ## - Language
-- English
082 ## - DDC NUMBER
Classification number 587 V442B
100 ## - MAIN ENTRY--PERSONAL NAME
Personal name Vashishta, P C
245 #0 - TITLE STATEMENT
Title Botany for degree students: Pterdophyta
260 ## - PUBLICATION, DISTRIBUTION, ETC. (IMPRINT)
Place of publication, distribution, etc New Delhi
Name of publisher, distributor, etc S Chand
Date of publication, distribution, etc 2006
300 ## - PHYSICAL DESCRIPTION
Pages xii, 628 p.
942 ## - ADDED ENTRY ELEMENTS (KOHA)
Koha item type Books
Holdings
Withdrawn status Lost status Damaged status Not for loan Location (home branch) Sublocation or collection (holding branch) Date acquired Koha issues (times borrowed) Koha full call number Accession No. Koha date last seen Koha item type
        VIVEKANANDA LIBRARY VIVEKANANDA LIBRARY 18/06/2012 3 587 V442B 299650 23/12/2025 Books
        VIVEKANANDA LIBRARY VIVEKANANDA LIBRARY 18/06/2012 5 587 V442B 326288 26/12/2025 Books
© Designed and Maintained by Vivekananda Library, MDU Rohtak